Statistics for Premier League Top Goal Scorers from The Americas

Click here to take the quiz!

General Stats

  • This quiz has been taken 45 times
  • The average score is 13 of 28

Answer Stats

GoalsTeamNationAnswer% Correct
184Manchester CityArgentinaSergio Agüero
100%
69LiverpoolUruguayLuis Suárez
97%
71LiverpoolBrazilRoberto Firmino
97%
63ArsenalChileAlexis Sánchez
91%
53Manchester UnitedMexicoChicharito
88%
123Manchester UnitedTrinidad & TobagoDwight Yorke
88%
84Manchester CityArgentinaCarlos Tevez
81%
58Manchester CityBrazilGabriel Jesus
81%
48EvertonBrazilRicharlison
81%
56West Ham UnitedJamaicaMichail Antonio
72%
57FulhamUnited StatesClint Dempsey
69%
40Wolverhampton WanderersMexicoRaúl Jiménez
66%
46Aston VillaBrazilPhilippe Coutinho
63%
36EvertonVenezuelaSalomón Rondón
50%
38ChelseaBrazilWillian
47%
49NewcastlePeruNolberto Solano
31%
50Derby CountyCosta RicaPaulo Wanchope
31%
54ChelseaUruguayGustavo Poyet
25%
40SunderlandTrinidad & TobagoKenwyne Jones
25%
36FulhamUnited StatesBrian McBride
9%
44Aston VillaColombiaJuan Pablo Ángel
9%
56Charlton AthleticJamaicaJason Euell
6%
45WimbledonJamaicaRobbie Earle
6%
31MiddlesbroughColombiaHamilton Ricard
3%
36Blackburn RoversGrenadaJason Roberts
3%
34WimbledonJamaicaMarcus Gayle
3%
36TottenhamMontserratRuel Fox
3%
35EvertonCanadaTomasz Radzinski
3%

Score Distribution

Percentile by Number Answered

Percent of People with Each Score

Your Score History

You have not taken this quiz